|
|
|
|
| LEADER |
02587nam a22005295i 4500 |
| 001 |
978-3-319-60459-6 |
| 003 |
DE-He213 |
| 005 |
20171004164326.0 |
| 007 |
cr nn 008mamaa |
| 008 |
171004s2017 gw | s |||| 0|eng d |
| 020 |
|
|
|a 9783319604596
|9 978-3-319-60459-6
|
| 024 |
7 |
|
|a 10.1007/978-3-319-60459-6
|2 doi
|
| 040 |
|
|
|d GrThAP
|
| 050 |
|
4 |
|a HB172.5
|
| 072 |
|
7 |
|a KCB
|2 bicssc
|
| 072 |
|
7 |
|a KCBM
|2 bicssc
|
| 072 |
|
7 |
|a BUS039000
|2 bisacsh
|
| 072 |
|
7 |
|a BUS045000
|2 bisacsh
|
| 082 |
0 |
4 |
|a 339
|2 23
|
| 245 |
1 |
0 |
|a Economic Policies since the Global Financial Crisis
|h [electronic resource] /
|c edited by Philip Arestis, Malcolm Sawyer.
|
| 264 |
|
1 |
|a Cham :
|b Springer International Publishing :
|b Imprint: Palgrave Macmillan,
|c 2017.
|
| 300 |
|
|
|a XX, 364 p. 16 illus., 6 illus. in color.
|b online resource.
|
| 336 |
|
|
|a text
|b txt
|2 rdacontent
|
| 337 |
|
|
|a computer
|b c
|2 rdamedia
|
| 338 |
|
|
|a online resource
|b cr
|2 rdacarrier
|
| 347 |
|
|
|a text file
|b PDF
|2 rda
|
| 490 |
1 |
|
|a International Papers in Political Economy
|
| 520 |
|
|
|a This book investigates the changing nature of economic policies following the Global Financial Crisis of 2007–2009. Well-respected, international scholars come together to discuss the level of economic growth following the crisis, concerns over inequality in industrialised countries, and labour market policies. Topics covered range from monetary and fiscal policies since the GFC to the effect of post-GFC policies on the labour market and the environment. This is the thirteenth volume in the series International Papers in Political Economy (IPPE). This series consists of an annual volume with a single theme. The objective of the IPPE is the publication of papers dealing with important topics within the broad framework of Political Economy. .
|
| 650 |
|
0 |
|a Banks and banking.
|
| 650 |
|
0 |
|a Macroeconomics.
|
| 650 |
|
0 |
|a International economics.
|
| 650 |
|
0 |
|a Public finance.
|
| 650 |
1 |
4 |
|a Economics.
|
| 650 |
2 |
4 |
|a Macroeconomics/Monetary Economics//Financial Economics.
|
| 650 |
2 |
4 |
|a International Economics.
|
| 650 |
2 |
4 |
|a Public Economics.
|
| 650 |
2 |
4 |
|a Financial Crises.
|
| 650 |
2 |
4 |
|a Banking.
|
| 700 |
1 |
|
|a Arestis, Philip.
|e editor.
|
| 700 |
1 |
|
|a Sawyer, Malcolm.
|e editor.
|
| 710 |
2 |
|
|a SpringerLink (Online service)
|
| 773 |
0 |
|
|t Springer eBooks
|
| 776 |
0 |
8 |
|i Printed edition:
|z 9783319604589
|
| 830 |
|
0 |
|a International Papers in Political Economy
|
| 856 |
4 |
0 |
|u http://dx.doi.org/10.1007/978-3-319-60459-6
|z Full Text via HEAL-Link
|
| 912 |
|
|
|a ZDB-2-ECF
|
| 950 |
|
|
|a Economics and Finance (Springer-41170)
|